000 00277nam a22001337a 4500
082 _a894.812.3
_bMAR/T
100 _aMARANAD,SHAIJU
245 _aTHASKRABHASHANAM
250 _aFIRST
260 _aHARIKUMAR&SUKU
_c2000
300 _a82
650 _aSTORY
_zKERALA
942 _cBK
999 _c1841
_d1841